000 00728cam a2200229 4500
001 WB3546-31
008 000000n1999 000 0 eng u
035 _a(Sirsi) u102865
245 _aLack of houses drive business out
260 _c1999
490 _aTimes
_v25 November 1999, 10(1)
520 _aGovernment is warned by one of its planning advisers that firms and businesses could move abroad unless it approves the building of 1.1 million new homes in the South East.
590 _aWB
650 _aNEW HOMES
650 0 _aDETR SELECT COMMITTEE
650 _aHOUSING NEEDS
650 _aSOUTH-EAST ENGLAND
650 _aHOUSE BUILDING
650 _aHOUSEHOLD PROJECTIONS
690 _aHOUSING
942 _n0
999 _c61827
_d61827